Estructura espacial en gran escala de un bosque neotropical (Registro nro. 12783)

Detalles MARC
000 -CABECERA
Campo de control 005560000a22001810004500
090 ## - CLASIFICACIÓN LOCAL
Colección AR
Consecutivo 03747
041 0# - IDIOMA
Código de idioma para texto/pista de sonido o título separado
100 1# - ASIENTO PRINCIPAL--NOMBRE PERSONAL
Nombre personal Hubbell, Stephen P.
245 10 - MENCION DE TITULO
Título Estructura espacial en gran escala de un bosque neotropical
650 14 - ASIENTO SECUNDARIO DE MATERIA - TERMINO TEMATICO
Término temático o nombre geográfico como elemento de entrada Historia natural
650 14 - ASIENTO SECUNDARIO DE MATERIA - TERMINO TEMATICO
Término temático o nombre geográfico como elemento de entrada Arboles tropicales
650 14 - ASIENTO SECUNDARIO DE MATERIA - TERMINO TEMATICO
Término temático o nombre geográfico como elemento de entrada Dinámica poblacional
650 14 - ASIENTO SECUNDARIO DE MATERIA - TERMINO TEMATICO
Término temático o nombre geográfico como elemento de entrada Botánica
651 #4 - ASIENTO SECUNDARIO DE MATERIA - NOMBRE GEOGRAFICO
-- Isla Barro Colorado
-- Panamá
700 1# - ASIENTO SECUNDARIO - NOMBRE PERSONAL
Nombre personal Foster, Robin B.
773 1# - Item fuente:
Título Rev. Biol. Trop.
Descripción física Supl. 1
Paginas del Articulo 7-22
Lugar, editorial y fecha de publicación 1987
Información sobre la relación 35
942 ## - ELEMENTOS ADICIONALES (KOHA)
Tipo de ítem Artículo
Existencias
Withdrawn status Lost status Damaged status No para préstamo Colección Ubicación Permanente Ubicación actual Fecha de adquisición Datos de publicación Seriada Total Checkouts Número topográfico Inventario / Código de Barras Date last seen Price effective from Forma de adquisición Tipo de material
      No para Préstamo Hemeroteca Bogotá Bogotá 27/02/2015 Fuera de circulación   AR 03747 014556 25/03/2015 25/03/2015   Artículo